| 000 | 00746nam a2200241 a 4500 | ||
|---|---|---|---|
| 001 | BRCA_761 | ||
| 005 | 20190320203135.0 | ||
| 008 | spas1999----mx-a---###---#000-0#spa-d | ||
| 020 | _a9706630112 | ||
| 050 | 4 |
_aTX716 _b.L66 1998 |
|
| 100 | 1 |
_aLong Solís, Janet _92526 |
|
| 245 | 1 | 0 |
_aEl placer del chile _cJanet Long Solís, Manuel Álvarez y Aranzazú Camarena. |
| 260 |
_aMéxico _bClío _c1998 |
||
| 300 |
_a93 p. _bil. a color _c27 cm. |
||
| 500 | _aIncluye índice de recetas y glosario | ||
| 504 | _aBibliografía: p. [95] | ||
| 650 | 1 | 4 |
_aCocina mexicana _92527 |
| 650 | 1 | 4 |
_aChile (Cocina) _xHistoria _zMéxico _92528 |
| 653 | 0 | _aGastronomía | |
| 700 | 1 |
_aÁlvarez, Manuel _92529 |
|
| 700 | 1 |
_aCamarena, Aranzazú _92530 |
|
| 942 |
_2lcc _cB |
||
| 999 |
_c660 _d660 |
||